00274nam a22001217a 4500003000400000020001800004082001400022100001800036245003500054250000900089260004600098300000800144SGT a9789356962590 a617bM23G aGupta, Hemant aMastering the B.D.S. 2nd Year a11th aNew Delhi, IndiabJaypee Publishersc2023 a844